[Event "DRUZYNOWE MISTRZOSTWA POLSKI - II LIGA 2018"]
[Site "Jastrzebia Gora"]
[Date "1899-12-30"]
[Round "3.14"]
[White "Lisowski, Krzysztof"]
[Black "Kokoszczynski, Jan"]
[Result "0-1"]
[WhiteTitle "k"]
[BlackTitle "k"]
[WhiteElo "2061"]
[BlackElo "2246"]

1. e4 c5 2. Nf3 d6 3. Bb5+ Nd7 4. Ba4 Ngf6 5. O-O Nxe4 6. Re1 Nef6 7. d4 g6 8.
dxc5 dxc5 9. Bf4 e6 10. Nc3 a6 11. Qe2 b5 12. Bxb5 axb5 13. Nxb5 Ba6 14. Ng5 Bxb5
15. Qxb5 Be7 16. Rad1 Qb6 17. Qd3 O-O 18. Qh3 Rfd8 19. Rd3 Nf8 20. Rb3 Qa5 21.
c3 Nh5 22. Be3 c4 23. Ra3 Bxa3 24. bxa3 Qxc3 25. Rf1 Rd5 26. Ne4 Qd3 27. Qf3 f5
28. Nc5 Rxc5 29. Qxa8 Rd5 30. Bg5 Rd7 31. Qc8 c3 32. h3 c2 33. Rc1 Qd1+ 34. Kh2
Qd6+ 35. g3 Rc7 36. Qb8 Qc6 37. Bh6 Ng7 38. a4 e5 39. a5 Nge6 40. a6 Rc8 41. a7
Nd4 42. Qxe5 Nf3+ 0-1

[Event "DRUZYNOWE MISTRZOSTWA POLSKI - II LIGA 2018"]
[Site "Jastrzebia Gora"]
[Date "1899-12-30"]
[Round "3.15"]
[White "Sanz Wawer, Daniel"]
[Black "Migala, Andrzej"]
[Result "1-0"]
[WhiteTitle "k"]
[BlackTitle "k"]
[WhiteElo "2166"]
[BlackElo "2015"]

1. d4 Nf6 2. c4 e5 3. dxe5 Ng4 4. Bf4 g5 5. Bg3 Bg7 6. Nf3 Nc6 7. Nc3 Ngxe5 8.
e3 d6 9. h4 g4 10. Nxe5 Nxe5 11. h5 h6 12. Bh4 Bf6 13. Bxf6 Qxf6 14. Nd5 Qd8 15.
Qd4 c6 16. Nc3 Be6 17. c5 Qa5 18. b4 Qa3 19. Ne4 1-0

[Event "DRUZYNOWE MISTRZOSTWA POLSKI - II LIGA 2018"]
[Site "Jastrzebia Gora"]
[Date "1899-12-30"]
[Round "3.16"]
[White "Rak, Tomasz"]
[Black "Rozycki, Bartlomiej"]
[Result "1-0"]
[WhiteTitle "k"]
[BlackTitle "k++"]
[WhiteElo "2018"]
[BlackElo "2145"]

1. d4 Nf6 2. Nf3 g6 3. Bf4 Bg7 4. h3 c5 5. e3 Qb6 6. Nc3 O-O 7. Qd2 cxd4 8. exd4
d5 9. O-O-O Ne4 10. Nxe4 dxe4 11. Ne5 Rd8 12. Bc4 Be6 13. Bxe6 Qxe6 14. Kb1 Nc6
15. Nxc6 bxc6 16. Qe3 Rd5 17. Rhe1 f5 18. f3 Rad8 19. fxe4 fxe4 20. Qxe4 Qxe4
21. Rxe4 Rxd4 22. Rexd4 Rxd4 23. Rxd4 Bxd4 24. c3 Bf6 25. Be3 a6 26. Kc2 Kf7 27.
Kd3 Ke6 28. Ke4 Bh4 29. Bd2 Bf2 30. a4 Bh4 31. b4 Bf6 32. c4 Kd6 33. Bf4+ Kd7
34. b5 cxb5 35. cxb5 axb5 36. axb5 e6 37. Be5 Be7 38. Kd4 Kc8 39. Kc4 Kb7 40.
Bd4 Bd6 41. Bc5 Bg3 42. Kd3 Bc7 43. Ke4 h5 44. Be3 Bb8 45. Bf4 Ba7 46. Bd6 Bg1
47. Ke5 Kb6 48. Kxe6 Bd4 49. Be5 Be3 50. Kf6 g5 51. Kg6 h4 52. Kh5 Kxb5 53. Bf6
Kc6 54. Bxg5 Bd4 55. Bxh4 Kd7 56. Kg6 Ke8 57. Bf6 Bf2 58. g4 Kf8 59. h4 Kg8 60.
h5 1-0

[Event "DRUZYNOWE MISTRZOSTWA POLSKI - II LIGA 2018"]
[Site "Jastrzebia Gora"]
[Date "1899-12-30"]
[Round "3.17"]
[White "Praczukowski, Stanislaw"]
[Black "Kietrys, Maciej"]
[Result "0-1"]
[WhiteTitle "k"]
[BlackTitle "I"]
[WhiteElo "2131"]
[BlackElo "1730"]

1. e4 e5 2. Nf3 Nc6 3. Bb5 Nf6 4. d3 Bc5 5. Bxc6 dxc6 6. Nbd2 Qe7 7. b3 O-O 8.
Bb2 Bd6 9. O-O Bg4 10. Nc4 Nd7 11. Ne3 Bh5 12. g4 Bg6 13. Kh1 f6 14. Nh4 Nc5 15.
Nhf5 Qd7 16. Rg1 Ne6 17. Rg3 Rad8 18. Qd2 b6 19. Rag1 Be7 20. h4 h6 21. Qe1 a5
22. Bc1 Ra8 23. a4 Rfb8 24. g5 fxg5 25. Nxe7+ Qxe7 26. Nf5 Bxf5 27. exf5 Nd4 28.
f6 gxf6 29. hxg5 hxg5 30. Bxg5 Kf7 31. Bxf6 Qxf6 32. Rg7+ Ke8 33. R1g6 Qf5 34.
Rh6 Ne6 35. Rh8+ Nf8 36. Qc3 Qf6 37. Rhg8 Kd8 38. Qc4 Kc8 39. Rxf8+ Qxf8 40. Rg8
Kb7 41. Rxf8 Rxf8 42. Kg2 Rf4 43. Qc3 Raf8 44. Qxe5 Rxf2+ 45. Kg3 Rxc2 46. d4
Rc3+ 47. Kg4 Rxb3 48. d5 Rb4+ 49. Kg3 Rxa4 50. d6 Rg8+ 51. Kf3 cxd6 52. Qe7+ Ka6
53. Qxd6 Rc4 54. Qe6 Rf8+ 55. Ke2 Rff4 56. Qc8+ Kb5 57. Kd3 Rfd4+ 58. Ke3 Rd5
59. Qh8 a4 60. Qb2+ Ka5 61. Qh8 b5 62. Qa8+ Kb4 63. Qf8+ c5 64. Qf1 Rc3+ 65. Ke2
a3 66. Qb1+ Ka4 67. Qe4+ Rd4 68. Qa8+ Kb3 69. Qg8+ Rdc4 70. Qg1 a2 71. Qd1+ Kb2
72. Qd7 a1=Q 73. Qxb5+ Rb4 0-1

[Event "DRUZYNOWE MISTRZOSTWA POLSKI - II LIGA 2018"]
[Site "Jastrzebia Gora"]
[Date "1899-12-30"]
[Round "3.18"]
[White "Dabrowska, Krystyna"]
[Black "Marcinczyk, Monika"]
[Result "1-0"]
[WhiteTitle "WGM"]
[BlackTitle "WCM"]
[WhiteElo "2201"]
[BlackElo "1865"]

1. e4 c5 2. Nf3 Nc6 3. d4 cxd4 4. Nxd4 g6 5. Nc3 Bg7 6. Nde2 Nf6 7. g3 O-O 8. Bg2
d6 9. O-O Rb8 10. a4 a6 11. h3 b5 12. axb5 axb5 13. Nf4 b4 14. Nce2 Nd7 15. g4
Nc5 16. Ng3 Ne5 17. Ra2 b3 18. cxb3 Rxb3 19. Be3 Ned7 20. Qc2 Ba6 21. Rd1 Qb8
22. Nd5 Re8 23. Bc1 Bd3 24. Qd2 Ne5 25. Ne3 Bh6 26. Qe1 Bb1 27. Ra3 Ned3 28. Qf1
Nxc1 29. Rxc1 Rxb2 30. e5 Qb4 31. Rac3 Ne4 32. Nxe4 Bxe4 33. Rc4 Bxg2 34. Rxb4
Bxf1 35. Rxb2 Bxh3 36. Rb4 f5 37. exf6 exf6 38. Kh2 Bxe3 39. fxe3 Bxg4 40. Rxg4
Rxe3 41. Rc7 g5 42. Rb4 Kf8 43. Rxh7 Kg8 44. Rd7 1-0

[Event "DRUZYNOWE MISTRZOSTWA POLSKI - II LIGA 2018"]
[Site "Jastrzebia Gora"]
[Date "1899-12-30"]
[Round "3.19"]
[White "Nowicki, Bartosz"]
[Black "Kislinsky, Alexey"]
[Result "1-0"]
[WhiteTitle "k++"]
[BlackTitle "GM"]
[WhiteElo "2275"]
[BlackElo "2450"]

1. e4 c5 2. Nf3 Nc6 3. d4 cxd4 4. Nxd4 g6 5. c4 Bg7 6. Be3 Nf6 7. Nc3 O-O 8. Be2
d6 9. O-O Nxd4 10. Bxd4 Bd7 11. Nd5 Bc6 12. Nxf6+ Bxf6 13. Bxf6 exf6 14. Qd4 f5
15. exf5 Re8 16. Bd3 Qg5 17. f3 gxf5 18. h4 Qg3 19. Bxf5 Re5 20. Qg4+ Qxg4 21.
fxg4 Rae8 22. Rad1 d5 23. cxd5 Bxd5 24. a3 R8e7 25. Rf2 Kg7 26. g5 Be4 27. Bxe4
Rxe4 28. g3 Re3 29. Kh2 Rb3 30. Rd6 a6 31. Rdf6 Kg8 32. Kh3 Ree3 33. Kg4 Re7 34.
R6f3 Re4+ 35. Kf5 Rxf3+ 36. Rxf3 Re2 37. b4 Kf8 38. h5 Rd2 39. Rc3 Rd5+ 40. Kf6
Rd6+ 41. Ke5 Rb6 42. Rc8+ Kg7 43. g4 h6 44. gxh6+ Rxh6 45. Rc7 Rb6 46. g5 a5 47.
g6 axb4 48. Rxf7+ Kg8 49. axb4 Rxb4 50. h6 Rb5+ 51. Kd4 Rh5 52. h7+ Kh8 53. Rf8+
1-0

[Event "DRUZYNOWE MISTRZOSTWA POLSKI - II LIGA 2018"]
[Site "Jastrzebia Gora"]
[Date "1899-12-30"]
[Round "3.20"]
[White "Grabarczyk, Miroslaw"]
[Black "Parol, Pawel"]
[Result "1/2-1/2"]
[WhiteTitle "GM"]
[BlackTitle "k"]
[WhiteElo "2392"]
[BlackElo "2157"]

1. d4 d5 2. c4 c6 3. Nf3 Nf6 4. e3 Bf5 5. Nc3 e6 6. Nh4 Bg6 7. Be2 Nbd7 8. g3 Be7
9. O-O O-O 10. Nxg6 hxg6 11. Qc2 dxc4 12. Bxc4 c5 13. dxc5 Bxc5 14. Bd2 Qe7 15.
Rfd1 Rfd8 16. Be2 Ne5 17. Be1 Rac8 18. Rac1 Bb6 19. Qb3 Nc6 20. Na4 Rxd1 21. Bxd1
Bd8 22. Rc4 Nd5 23. Bf3 Nb6 24. Nxb6 Bxb6 25. Qc2 Qd7 26. b4 Ne7 27. Rxc8+ Nxc8
28. a4 Nd6 29. Qd3 Bc7 30. b5 b6 31. Bc3 Qd8 32. Be5 Kf8 33. h4 Kg8 34. Kg2 Qe7
35. Bc6 Qd8 36. e4 f6 37. Bf4 Kf7 38. e5 Nb7 39. Qf3 Nc5 40. exf6 gxf6 41. h5
Bxf4 42. hxg6+ 1/2-1/2

[Event "DRUZYNOWE MISTRZOSTWA POLSKI - II LIGA 2018"]
[Site "Jastrzebia Gora"]
[Date "1899-12-30"]
[Round "3.21"]
[White "Graczyk, Damian"]
[Black "Sabuk, Piotr"]
[Result "0-1"]
[WhiteTitle "k"]
[BlackTitle "IM"]
[WhiteElo "2122"]
[BlackElo "2386"]

1. d4 Nf6 2. Nf3 d5 3. g3 c5 4. dxc5 Nc6 5. c4 d4 6. Qa4 Bd7 7. Bg2 e5 8. b4 e4
9. Ng5 d3 10. b5 Bxc5 11. bxc6 Bxc6 12. Qb3 Qd4 13. Be3 d2+ 14. Kd1 Qxa1 15. Bxc5
O-O-O 16. e3 Qe5 17. Bxa7 Qxg5 18. Bd4 Ng4 19. Bh3 Qh5 20. Bxg4+ Qxg4+ 21. Kxd2
Rxd4+ 22. exd4 e3+ 0-1

[Event "DRUZYNOWE MISTRZOSTWA POLSKI - II LIGA 2018"]
[Site "Jastrzebia Gora"]
[Date "1899-12-30"]
[Round "3.22"]
[White "Aliavdin, Nikolai"]
[Black "Smolka, Marcin"]
[Result "1/2-1/2"]
[WhiteTitle "IM"]
[BlackTitle "k"]
[WhiteElo "2323"]
[BlackElo "2194"]

1. e4 e5 2. Nf3 Nc6 3. Bb5 a6 4. Ba4 Nf6 5. O-O b5 6. Bb3 Bc5 7. a4 Rb8 8. axb5
axb5 9. Nxe5 Nxe5 10. d4 Bxd4 11. Qxd4 d6 12. Bf4 O-O 13. Nc3 c5 14. Qe3 Qb6 15.
Nd5 Nxd5 16. Bxd5 Bb7 17. Rfd1 Rfe8 18. b3 Rbd8 19. f3 Bxd5 20. Rxd5 Ng6 21. Rad1
Re6 22. Qd2 Nxf4 23. Qxf4 f6 24. Qd2 Kf7 25. h3 Ke7 26. Qf2 Re5 27. R5d2 Qc6 28.
Qg3 Kf7 29. Qh4 h6 30. Rd5 Rxd5 31. Rxd5 Re8 32. Qf4 Re5 33. Rd2 d5 34. exd5 Rxd5
35. Qe4 Rd6 36. Qxc6 Rxc6 37. Rd7+ Kg6 38. Rb7 b4 39. Kf2 Rd6 40. Ke2 Re6+ 41.
Kd3 Rd6+ 42. Ke3 Re6+ 1/2-1/2

[Event "DRUZYNOWE MISTRZOSTWA POLSKI - II LIGA 2018"]
[Site "Jastrzebia Gora"]
[Date "1899-12-30"]
[Round "3.23"]
[White "Rykala, Monika"]
[Black "Jedryczka, Krystian"]
[Result "0-1"]
[WhiteTitle "I++"]
[BlackTitle "m"]
[WhiteElo "1908"]
[BlackElo "2201"]

1. d4 f5 2. Bg5 c6 3. e3 Qb6 4. b3 d6 5. Bf4 Nf6 6. c4 g6 7. Nd2 Bg7 8. Be2 c5
9. d5 Qa5 10. Bd3 Qc3 11. Bc2 Nxd5 12. Rc1 Nxf4 13. exf4 Qa5 14. Bb1 Nc6 15. Qe2
Nd4 16. Qe3 Bd7 17. Ne2 Nxe2 18. Qxe2 O-O-O 19. O-O e5 20. fxe5 dxe5 21. Nf3 e4
22. Ng5 Rdf8 23. Rcd1 Bd4 24. Nh3 Qc7 25. g3 g5 26. Nxg5 Rhg8 27. Qh5 Be8 28.
Qh6 Rf6 29. Qh4 Rfg6 30. Nh3 Rg4 31. Qh6 Rxg3+ 32. Kh1 R3g4 33. Rg1 Qc6 34. Qxc6+
Bxc6 35. Rxg4 Rxg4 0-1

[Event "DRUZYNOWE MISTRZOSTWA POLSKI - II LIGA 2018"]
[Site "Jastrzebia Gora"]
[Date "1899-12-30"]
[Round "3.24"]
[White "Kantane, Anna"]
[Black "Parol, Pola"]
[Result "1-0"]
[WhiteTitle "WIM"]
[BlackTitle "WFM"]
[WhiteElo "2247"]
[BlackElo "2108"]

1. e4 c5 2. Nf3 Nc6 3. d4 cxd4 4. Nxd4 g6 5. c4 Nf6 6. Nc3 d6 7. Be2 Nxd4 8. Qxd4
Bg7 9. Be3 O-O 10. Qd2 a5 11. O-O a4 12. Rad1 Qa5 13. Bd4 Bd7 14. Qe3 Ng4 15.
Bxg4 Bxg4 16. Bxg7 Kxg7 17. Rd5 Qb4 18. Qg5 Qxb2 19. Rd3 Be6 20. Rb1 Qa3 21. Qxe7
Qc5 22. Rxb7 Qxc4 23. Rf3 Rac8 24. h4 Kg8 25. Qf6 Rc5 26. Ra7 Re5 27. Rxa4 Qc5
28. Ra6 Qd4 29. Rc6 d5 30. Rxe6 dxe4 31. Rf4 Qxc3 32. Rxe5 1-0

[Event "DRUZYNOWE MISTRZOSTWA POLSKI - II LIGA 2018"]
[Site "Jastrzebia Gora"]
[Date "1899-12-30"]
[Round "3.25"]
[White "Stachowiak, Kamil"]
[Black "Brzezinski, Mateusz"]
[Result "0-1"]
[WhiteTitle "IM"]
[BlackTitle "k"]
[WhiteElo "2433"]
[BlackElo "2164"]

1. c4 Nf6 2. g3 g6 3. Bg2 Bg7 4. Nc3 c6 5. d4 d5 6. Qa4 O-O 7. Nf3 Nbd7 8. cxd5
Nb6 9. Qb3 Nbxd5 10. O-O Qb6 11. Qa4 Rd8 12. Re1 Bf5 13. Nh4 Be6 14. Rd1 Nb4 15.
Bd2 Rxd4 16. Be3 Ng4 17. Bxd4 Bxd4 18. Rxd4 Qxd4 19. e3 Qb6 20. Rd1 Nxe3 21. fxe3
Qxe3+ 22. Kh1 Nd3 23. Rf1 Nf2+ 24. Rxf2 Qxf2 25. Qd1 Qxb2 26. Ne4 Bxa2 0-1

[Event "DRUZYNOWE MISTRZOSTWA POLSKI - II LIGA 2018"]
[Site "Jastrzebia Gora"]
[Date "1899-12-30"]
[Round "3.26"]
[White "Kujawski, Adam"]
[Black "Nowak, Kamil"]
[Result "1-0"]
[WhiteTitle "k"]
[BlackTitle "m"]
[WhiteElo "2209"]
[BlackElo "2288"]

1. e4 e5 2. Nf3 Nc6 3. Bb5 a6 4. Ba4 Nf6 5. O-O Nxe4 6. d4 b5 7. Bb3 d5 8. dxe5
Be6 9. Nbd2 Nc5 10. c3 Be7 11. Bc2 d4 12. Ne4 d3 13. Nxc5 dxc2 14. Qxd8+ Rxd8
15. Nxe6 fxe6 16. Be3 Rd5 17. Rfc1 Nxe5 18. Nxe5 Rxe5 19. a4 Kf7 20. Rxc2 Rd8
21. axb5 axb5 22. g3 Red5 23. Kg2 Bc5 24. Bxc5 Rxc5 25. Re2 Rcd5 26. Ra7 R8d7
27. h4 c5 28. Rxd7+ Rxd7 29. Kf3 Kf6 30. Ke3 Kf5 31. f3 h5 32. Rg2 Ke5 33. Rd2
Ra7 34. f4+ Kf5 35. Kf3 Ra2 36. Re2 Kf6 37. Re5 Rxb2 38. Rxh5 c4 39. Rg5 Rb3 40.
Kg4 Rxc3 41. Rxb5 g6 42. Rb7 Rc1 43. Rc7 c3 44. Kf3 Rc2 45. g4 e5 46. Rc6+ Kf7
47. fxe5 Rh2 48. Kf4 Rxh4 49. Rxc3 Rh1 50. Rc7+ Ke6 51. Rc6+ Kf7 52. Rf6+ Kg7
53. Kg5 Re1 54. Rxg6+ Kh7 55. Re6 Rg1 56. Re7+ Kg8 57. Ra7 Rg2 58. Kf5 Rg1 59.
g5 Rg2 60. e6 Kf8 61. Rf7+ Kg8 62. g6 Rf2+ 63. Ke5 Re2+ 64. Kf6 Rf2+ 65. Ke7 Rg2
66. Rf3 Rxg6 67. Kd7 Rg1 68. e7 Rd1+ 69. Kc6 Rc1+ 70. Kd7 Rd1+ 71. Ke8 Rd2 72.
Rg3+ Kh7 73. Rg4 Kh6 74. Kf7 Rf2+ 75. Ke6 Re2+ 76. Kf6 Kh5 77. Rg5+ Kh6 78. Re5
1-0

[Event "DRUZYNOWE MISTRZOSTWA POLSKI - II LIGA 2018"]
[Site "Jastrzebia Gora"]
[Date "1899-12-30"]
[Round "3.27"]
[White "Fudalej, Michal"]
[Black "Mazalon, Mariusz"]
[Result "1-0"]
[WhiteTitle "FM"]
[BlackTitle "k"]
[WhiteElo "2209"]
[BlackElo "2012"]

1. Nf3 Nf6 2. c4 g6 3. Nc3 Bg7 4. g3 O-O 5. Bg2 d6 6. O-O c6 7. b4 a5 8. b5 e5
9. bxc6 bxc6 10. Rb1 Ba6 11. d3 Nbd7 12. Ba3 Qc7 13. Qa4 Rfc8 14. Nd2 Bf8 15.
Rb2 Ne8 16. Rfb1 Ng7 17. Qd1 Ne6 18. Na4 Ra7 19. Ne4 Rd8 20. Nec3 Nf6 21. Nb6
Bb7 22. Qa4 h5 23. e3 Ng4 24. Qd1 f5 25. h3 Nf6 26. Nbd5 Nxd5 27. cxd5 Nc5 28.
dxc6 Bxc6 29. Nb5 Bxb5 30. Rxb5 e4 31. dxe4 Nxe4 32. Qd5+ Qf7 33. Bxe4 fxe4 34.
Qxe4 d5 35. Qd3 Bxa3 36. Qxa3 d4 37. Rb8 Rxb8 38. Rxb8+ Kh7 39. exd4 Qe6 40. Qf8
g5 41. Qh8+ Kg6 42. Rg8+ Kf5 43. h4 Qe1+ 44. Kg2 Qe4+ 45. Kh2 Kg4 46. Rxg5+ Kf3
47. Qf6+ Ke2 48. Re5 1-0

[Event "DRUZYNOWE MISTRZOSTWA POLSKI - II LIGA 2018"]
[Site "Jastrzebia Gora"]
[Date "1899-12-30"]
[Round "3.28"]
[White "Wisniewski, Adam"]
[Black "Maciol, Ryszard"]
[Result "1-0"]
[WhiteTitle "I+"]
[BlackTitle "k"]
[WhiteElo "1918"]
[BlackElo "2171"]

1. e4 e6 2. d4 d5 3. e5 c5 4. c3 Qb6 5. Nf3 Nc6 6. Bd3 Bd7 7. dxc5 Bxc5 8. O-O
a5 9. a4 Nge7 10. Na3 Ng6 11. Qe2 O-O 12. h4 f5 13. h5 Nh8 14. Nb5 h6 15. Bf4
Qd8 16. g3 Be8 17. Nfd4 Nxd4 18. cxd4 Bb6 19. Be3 Nf7 20. f4 Qe7 21. g4 Qh4 22.
gxf5 Qg3+ 23. Kh1 Qh3+ 24. Kg1 Nd8 25. Qf3 Qxf3 26. Rxf3 Bxh5 27. Rg3 exf5 28.
Kf2 Ne6 29. Rag1 Bg4 30. Rxg4 fxg4 31. Rxg4 h5 32. Rg6 Nxf4 33. Bxf4 Rxf4+ 34.
Ke3 Raf8 35. Rxb6 h4 36. Rg6 h3 37. Rg5 Rh4 38. Rg1 h2 39. Rh1 g5 40. Nd6 g4 41.
Bf5 g3 42. Kf3 Rg4 43. Kg2 Rg5 44. Rf1 Kg7 45. e6 h1=Q+ 46. Rxh1 Rfxf5 47. Nxf5+
Rxf5 48. Kxg3 Kf6 49. Rh6+ Ke7 50. Rh7+ Kxe6 51. Rxb7 Rf1 52. Rb6+ Kd7 53. Rb5
Kc6 54. Rc5+ Kd6 55. Rxa5 Rd1 56. Ra6+ Kc7 57. b4 Rxd4 58. b5 Re4 59. a5 d4 60.
Rc6+ Kb7 61. a6+ Ka7 62. Rc7+ Kb8 63. b6 Re8 64. Rd7 Ka8 65. Rxd4 1-0

[Event "DRUZYNOWE MISTRZOSTWA POLSKI - II LIGA 2018"]
[Site "Jastrzebia Gora"]
[Date "1899-12-30"]
[Round "3.29"]
[White "Fiedorek, Michal"]
[Black "Skowronski, Piotr"]
[Result "1-0"]
[WhiteTitle "I"]
[BlackTitle "I+"]
[WhiteElo "2186"]
[BlackElo "2025"]

1. e4 d6 2. d4 Nf6 3. Nc3 c6 4. Be3 Qa5 5. f3 e5 6. Qd2 Be7 7. h4 b5 8. g4 Nbd7
9. Nge2 Nb6 10. Ng3 h6 11. g5 hxg5 12. hxg5 Rxh1 13. Nxh1 b4 14. gxf6 bxc3 15.
fxg7 cxd2+ 16. Bxd2 Bh4+ 17. Kd1 Qa4 18. g8=Q+ Ke7 19. b3 Qxd4 20. c3 Bh3 21.
Qh7 1-0

[Event "DRUZYNOWE MISTRZOSTWA POLSKI - II LIGA 2018"]
[Site "Jastrzebia Gora"]
[Date "1899-12-30"]
[Round "3.30"]
[White "Mackiewicz, Anna"]
[Black "Dmochowska, Agnieszka"]
[Result "0-1"]
[WhiteTitle "k+"]
[BlackTitle "WCM"]
[WhiteElo "1850"]
[BlackElo "2125"]

1. b3 d5 2. Bb2 Bf5 3. e3 Nf6 4. f4 e6 5. Nf3 h6 6. Be2 Be7 7. O-O O-O 8. Ne5 c5
9. d3 Nc6 10. Nxc6 bxc6 11. Nd2 Qb6 12. c4 a5 13. g4 Bh7 14. f5 exf5 15. gxf5
d4 16. e4 Qc7 17. Qe1 Kh8 18. Bc1 Rg8 19. Kh1 g6 20. Qh4 gxf5 21. exf5 Qe5 22.
Bh5 Ng4 23. Qh3 Ne3 24. Nf3 Qf6 25. Bxe3 dxe3 26. Ng1 Bd6 27. Rae1 a4 28. Rxe3
axb3 29. axb3 Ra1 30. Ne2 Bxf5 31. Ref3 Bxh3 32. Rxf6 Bxf1 0-1

[Event "DRUZYNOWE MISTRZOSTWA POLSKI - II LIGA 2018"]
[Site "Jastrzebia Gora"]
[Date "1899-12-30"]
[Round "3.31"]
[White "Szadkowski, Kamil"]
[Black "Janaszak, Dawid"]
[Result "1/2-1/2"]
[WhiteTitle "FM"]
[BlackTitle "FM"]
[WhiteElo "2277"]
[BlackElo "2362"]

1. e4 c5 2. Nf3 d6 3. d4 cxd4 4. Nxd4 Nf6 5. Nc3 a6 6. Bc4 e6 7. Bb3 b5 8. Bg5
h6 9. Bh4 Be7 10. Qf3 Qc7 11. O-O-O Nbd7 12. Bxf6 Nxf6 13. e5 Bb7 14. Qg3 dxe5
15. Nxe6 fxe6 16. Qg6+ Kf8 17. Bxe6 Bd8 18. Rd7 Qxd7 19. Bxd7 Nxd7 20. Qd6+ Ke8
21. Qg6+ Kf8 22. Qd6+ Ke8 23. Qg6+ Kf8 1/2-1/2

[Event "DRUZYNOWE MISTRZOSTWA POLSKI - II LIGA 2018"]
[Site "Jastrzebia Gora"]
[Date "1899-12-30"]
[Round "3.32"]
[White "Dudzinski, Piotr"]
[Black "Snihur, Piotr"]
[Result "1-0"]
[WhiteTitle "FM"]
[BlackTitle "k"]
[WhiteElo "2304"]
[BlackElo "2233"]

1. c4 e5 2. Nc3 Nf6 3. g3 d5 4. cxd5 Nxd5 5. Bg2 Nb6 6. Nf3 Nc6 7. d3 Be7 8. O-O
O-O 9. a3 Re8 10. b4 Bf8 11. Bb2 Bf5 12. Rc1 Qd7 13. Qb3 Be6 14. Qc2 Bh3 15. Bxh3
Qxh3 16. Ne4 a6 17. Qb3 Qe6 18. Qxe6 Rxe6 19. Rc2 Na4 20. Ba1 Rd8 21. Rfc1 f5
22. Ned2 Ree8 23. Nb3 Rd7 24. Rxc6 bxc6 25. Nxe5 Rd5 26. d4 Rexe5 27. dxe5 c5
28. bxc5 Nxc5 29. Nxc5 Bxc5 30. Kg2 Bb6 31. Kf3 Ra5 32. Bb2 Rb5 33. Rc2 g5 34.
e6 Rd5 35. Rc6 Kf8 36. Bf6 h6 37. h4 g4+ 38. Kf4 Rc5 39. e7+ Kf7 40. Re6 Kxe6
41. e8=Q+ Kxf6 42. Qf8+ 1-0

[Event "DRUZYNOWE MISTRZOSTWA POLSKI - II LIGA 2018"]
[Site "Jastrzebia Gora"]
[Date "1899-12-30"]
[Round "3.33"]
[White "Szadkowski, Krzysztof"]
[Black "Dudzinski, Pawel"]
[Result "1-0"]
[WhiteTitle "k"]
[BlackTitle "FM"]
[WhiteElo "2145"]
[BlackElo "2217"]

1. e4 c6 2. d4 d5 3. exd5 cxd5 4. c4 Nf6 5. Nc3 g6 6. Qb3 Bg7 7. cxd5 O-O 8. Be2
Nbd7 9. Bf3 Nb6 10. Nge2 Bf5 11. a4 Bd3 12. a5 Bc4 13. Qb4 Bxe2 14. Kxe2 Nbxd5
15. Nxd5 Nxd5 16. Qxb7 e6 17. Rd1 Qd6 18. Qb3 Rab8 19. Qa3 Nb4 20. a6 Rb6 21.
Bb7 Qxh2 22. Qh3 Qxh3 23. gxh3 Nd5 24. Ra4 Rd8 25. Kf1 Rb4 26. Rxb4 Nxb4 27. Be3
Nc2 28. Rc1 Nxd4 29. b4 e5 30. Rc7 Bf8 31. Bg5 Re8 32. Bd5 Ne6 33. Bxe6 Rxe6 34.
Rxa7 Kg7 35. b5 Rb6 36. Rb7 Bc5 37. Be3 Rxb7 38. axb7 Bd6 39. Ba7 Kf6 40. b8=Q
Bxb8 41. Bxb8 Ke6 42. b6 Kd5 1-0

[Event "DRUZYNOWE MISTRZOSTWA POLSKI - II LIGA 2018"]
[Site "Jastrzebia Gora"]
[Date "1899-12-30"]
[Round "3.34"]
[White "Piekielny, Pawel"]
[Black "Kwiatkowski, Wiktor"]
[Result "0-1"]
[WhiteTitle "I"]
[BlackTitle "I"]
[WhiteElo "1974"]
[BlackElo "1965"]

1. e4 c6 2. d4 d5 3. Nc3 dxe4 4. Nxe4 Bf5 5. Ng3 Bg6 6. h4 h6 7. Nf3 Nd7 8. h5
Bh7 9. Bd3 Bxd3 10. Qxd3 e6 11. Bd2 Ngf6 12. O-O-O Be7 13. Kb1 O-O 14. Qe2 a5
15. Ne4 Nxe4 16. Qxe4 Nf6 17. Qe2 Qd5 18. Be3 a4 19. Ne5 a3 20. b3 c5 21. c4 Qe4+
22. Qd3 Rfd8 23. f3 Qxd3+ 24. Rxd3 cxd4 25. Bxd4 Ra5 26. Bb6 Rxd3 27. Nxd3 Rf5
28. Kc2 e5 29. Re1 Bd6 30. Bc5 Bc7 31. Bxa3 Rxh5 32. Bb2 Nd7 33. b4 f6 34. c5
Rh4 35. b5 Nxc5 36. Nxc5 Rc4+ 37. Kb3 Rxc5 38. a4 Kf7 39. Rd1 Ke6 40. Ba3 Rd5
41. Rxd5 Kxd5 42. Bf8 g5 43. Bxh6 Kd4 44. Bf8 f5 45. Bb4 b6 46. Bd2 g4 47. Kc2
e4 48. fxg4 fxg4 49. Bc3+ Ke3 50. Kd1 Kd3 51. Be1 e3 52. a5 bxa5 53. g3 Bb6 54.
Bd2 a4 0-1

[Event "DRUZYNOWE MISTRZOSTWA POLSKI - II LIGA 2018"]
[Site "Jastrzebia Gora"]
[Date "1899-12-30"]
[Round "3.35"]
[White "Leskiewicz, Ignacy"]
[Black "Chmielarz, Maciej"]
[Result "0-1"]
[WhiteTitle "I++"]
[BlackTitle "I+"]
[WhiteElo "1995"]
[BlackElo "1946"]

1. e4 c6 2. d4 d5 3. exd5 cxd5 4. c4 e6 5. Nc3 Bb4 6. Nf3 Nf6 7. Bd2 Nc6 8. c5
Ne4 9. Bd3 Bxc3 10. Bxc3 f5 11. Qc2 a5 12. O-O O-O 13. a3 g5 14. b4 g4 15. Ne5
Nxe5 16. dxe5 Qh4 17. f3 gxf3 18. gxf3 Ng5 19. Kh1 Nh3 20. bxa5 Kf7 21. Be1 Qh5
22. f4 Rg8 23. Be2 Qg6 24. Bg3 h5 25. Bf3 h4 26. Qg2 hxg3 27. Qxh3 g2+ 28. Qxg2
Qxg2+ 29. Bxg2 Rxa5 30. Rfc1 Bd7 31. Rab1 Bc6 32. Rb3 Rg4 33. Rf1 Rxc5 34. h3
Rg8 35. Rf2 Rc1+ 36. Kh2 Ra1 37. h4 Rg4 38. Rh3 Kg7 39. h5 Kh6 40. Bh1 Rgg1 41.
Bf3 d4 42. Rd2 Bxf3 43. Rxf3 Kxh5 44. Rxd4 Rh1+ 45. Kg2 Rag1+ 46. Kf2 Rf1+ 47.
Ke3 Rxf3+ 48. Kxf3 Rh3+ 49. Kf2 Rxa3 50. Rd6 Ra6 51. Kg3 Rc6 52. Kh3 Kg6 53. Rd7
b5 54. Rb7 Rc4 55. Re7 Rc3+ 56. Kh4 Rc6 57. Rb7 Rc4 58. Re7 Rxf4+ 59. Kg3 Re4
60. Rxe6+ Kg5 61. Kf3 b4 62. Rb6 Rc4 63. Ke3 f4+ 64. Kd3 Rc3+ 65. Ke4 Re3+ 66.
Kd4 b3 67. Rb8 Kg4 68. Rg8+ Kf3 69. Rf8 b2 70. Rb8 Re2 71. Kd5 Kg3 72. e6 f3 73.
Rg8+ Kh2 74. Rh8+ Kg1 75. Rg8+ Kf1 76. Rb8 f2 77. Kd6 Ke1 78. e7 f1=Q 79. Rxb2
Qf6+ 0-1

[Event "DRUZYNOWE MISTRZOSTWA POLSKI - II LIGA 2018"]
[Site "Jastrzebia Gora"]
[Date "1899-12-30"]
[Round "3.36"]
[White "Czerwinska, Milena"]
[Black "Pastuszko, Kinga"]
[Result "0-1"]
[WhiteTitle "WFM"]
[BlackTitle "k+"]
[WhiteElo "2028"]
[BlackElo "1987"]

1. e4 c5 2. Nf3 d6 3. d4 cxd4 4. Nxd4 Nf6 5. Nc3 a6 6. Be3 e5 7. Nb3 Be6 8. f3
h5 9. Qd2 Nbd7 10. O-O-O Rc8 11. g3 b5 12. Nd5 Bxd5 13. exd5 Nb6 14. Bxb6 Qxb6
15. Bh3 Rc4 16. Rhe1 g6 17. Kb1 Bh6 18. Qg2 O-O 19. Re2 a5 20. g4 hxg4 21. Bxg4
a4 22. Nc1 Rd4 23. Ree1 Nxd5 24. Rxd4 Qxd4 25. c3 Qc4 26. Re4 Qc6 27. Qh3 Bxc1
28. Kxc1 a3 29. c4 axb2+ 30. Kxb2 bxc4 31. Bd7 Rb8+ 32. Kc2 Qb6 0-1

[Event "DRUZYNOWE MISTRZOSTWA POLSKI - II LIGA 2018"]
[Site "Jastrzebia Gora"]
[Date "1899-12-30"]
[Round "3.37"]
[White "Jedynak, Radoslaw"]
[Black "Molenda, Marcin"]
[Result "1/2-1/2"]
[WhiteTitle "GM"]
[BlackTitle "FM"]
[WhiteElo "2353"]
[BlackElo "2372"]

1. d4 Nf6 2. Nf3 e6 3. c4 c5 4. Nc3 cxd4 5. Nxd4 Nc6 6. g3 Bc5 7. Nb3 Be7 8. Bg2
O-O 9. O-O d6 10. Nd4 Ne5 11. b3 a6 12. Bb2 Qc7 13. Qd2 Bd7 14. Rac1 Qb8 15. h3
Nc6 16. Rfd1 Nxd4 17. Qxd4 Bc6 18. Ne4 Rd8 19. Nxf6+ Bxf6 20. Qd2 Bxb2 21. Qxb2
Bxg2 22. Kxg2 b5 23. c5 dxc5 24. Rxd8+ Qxd8 25. Rxc5 Rc8 26. Qd4 Qf8 27. b4 h6
28. Qc3 Rd8 29. a3 Qd6 30. Rc6 Qd1 31. Qf3 Rd6 32. Rc7 Rd7 33. Rxd7 Qxd7 34. Qa8+
Kh7 35. Qxa6 Qd5+ 36. f3 Qe5 37. Kf2 1/2-1/2

[Event "DRUZYNOWE MISTRZOSTWA POLSKI - II LIGA 2018"]
[Site "Jastrzebia Gora"]
[Date "1899-12-30"]
[Round "3.38"]
[White "Czerw, Dawid"]
[Black "Pazderski, Ziemowit"]
[Result "1-0"]
[WhiteTitle "k"]
[BlackTitle "k+"]
[WhiteElo "2263"]
[BlackElo "2239"]

1. c4 e5 2. g3 Nc6 3. Bg2 f5 4. Nc3 Nf6 5. d3 Bc5 6. e3 a6 7. Nge2 d6 8. O-O O-O
9. Nd5 Nxd5 10. cxd5 Ne7 11. d4 Ba7 12. dxe5 dxe5 13. Qb3 Kh8 14. Bd2 Ng6 15.
Rac1 Rf6 16. Ba5 Bb6 17. Bxb6 Rxb6 18. Qc3 Bd7 19. h4 f4 20. exf4 exf4 21. h5
Bb5 22. Rfe1 Bxe2 23. Rxe2 Nf8 24. Qxc7 Qf6 25. Qxf4 Qxf4 26. gxf4 Nd7 27. Rc7
Nf6 28. h6 gxh6 29. Re6 Ne8 30. Rxh7+ Kxh7 31. Rxb6 Rd8 32. Rxb7+ Kg6 33. Be4+
Kh5 34. Bf3+ Kg6 35. Rb6+ Kf5 36. Rxa6 Kxf4 37. Kg2 Nd6 38. Ra4+ Ke5 39. Rh4 Nf5
40. Re4+ Kf6 41. Re6+ Kg5 42. Be4 Nh4+ 43. Kg3 Rg8 44. f4+ Kh5+ 45. Kh3 1-0